Quiz o piłkarskiej Lidze Mistrzów - Statystyki

Ogólne statystyki
  • Ten quiz został rozwiązany 52 razy
  • Średni wynik to 6 z 10
Statystyki odpowiedzi
Zagadnienie Odpowiedź % Poprawnych
Ile Lig Mistrzów zdobył Real Madryt(stan na 2025) 15
86%
Który z tych zespołów nigdy nie zagrał w finale Ligi Mistrzów/pucharu europy? Górnik Zabrze
71%
Który zespół przegrał najwięcej finałów ligi mistrzów? Juventus
69%
Który z tych zespołów nigdy nie wygrał Ligi Mistrzów/Pucharu Europy Olympique Lyon
67%
Który z tych piłkarzy wygrał Ligę Mistrzów? Ruud Gullit
65%
W którym sezonie odbyła się pierwsza edycja Pucharu Europy(dzisiejszej Ligi Mistrzów)? 1955/56
61%
Ilu Polaków zdobyło bramkę w finale ligi mistrzów? 0
49%
W której minucie Sergio Ramos zdobył gola dającego dogrywkę w finale LM 2014? 93
47%
Ile karnych obronil Jerzy Dudek podczasu finału Ligi Mistrzów 2005 w Stambule? 2
45%
Który z tych zawodników nie strzelił gola w powyższym finale? Karim Benzema
41%
Nie znaleziono quizów pasujących do podanych kryteriów
Rozkład punktacji
Procent ludzi z każdym wynikiem
Percentyl według liczby udzielonych odpowiedzi
Twoja historia wyników
Nie rozwiązałeś tego quizu